00904nam a2200217 a 450000100100000000500170001000800410002704000250006810000370009324000320013024501180016226000410028030000210032149000420034250400730038459000270045770000380048483000450052295201040056799900150067100000366520200929150525.0131204s1973 sp 000 0 spa d aDO-SdBNPbspacBNPHU1 aBrion, Marcel,d1895-198491123310aL´Allemagne romantique II/13aLa Alemania Romántica II :bNovalis Hoffmann, Jean Paul /cMarcel Brion ; traducción de María Luz Melcón. aBarcelona :bBarral editores,c1973. a355 p. ;c20 cm.1 aBreve Biblioteca de Respuesta ;v82 ; aIncluye referencias bibliográficas y notas al pie de las páginas aInventariado, 2019/ YL1 aMelcón, María Luzetr.911234 0aBreve Biblioteca de Respuestav82911235 001050718MOaPDbPDcHDd2009-07-13iLF1l0o p3665-10r2020-06-25w2020-06-25y1ZNo se presta c3488d3488